[Event "NCL978b Witney-White Rose"]
[Site "Rd8"]
[Date "1998.03.22"]
[Round "8.7"]
[White "Jones, Nicholas"]
[Black "Forbes, Cathy"]
[Result "1/2-1/2"]
[WhiteElo "1928"]
[BlackElo "2105"]
[PlyCount "37"]
[EventDate "1998.03.22"]

1. e4 c5 2. Nf3 e6 3. Nc3 a6 4. d4 cxd4 5. Nxd4 Qc7 6. Bd3 Nf6 7. O-O b5 8. a4
b4 9. Nce2 Bb7 10. Ng3 h5 11. Re1 h4 12. Nf1 h3 13. g3 d6 14. Bd2 a5 15. Nb5
Qd8 16. c3 bxc3 17. Bxc3 Nbd7 18. b4 d5 19. e5 1/2-1/2

[Event "NCL978b Witney-White Rose"]
[Site "Rd8"]
[Date "1998.03.22"]
[Round "8.8"]
[White "Jones, Gawain"]
[Black "Smith, Lucy"]
[Result "1-0"]
[WhiteElo "1776"]
[BlackElo "1648"]
[PlyCount "85"]
[EventDate "1998.03.22"]

1. e4 c5 2. Nc3 d6 3. g3 Nc6 4. Bg2 Nf6 5. Nge2 e6 6. d3 Be7 7. O-O O-O 8. h3
Qc7 9. d4 Rd8 10. Be3 Na5 11. Rb1 Nc4 12. Bg5 h6 13. Bxf6 Bxf6 14. Qd3 Nb6 15.
Nb5 Qd7 16. Na3 Qe8 17. c3 Be7 18. Qe3 c4 19. Rbe1 Bd7 20. Nb1 Bc6 21. f4 Rac8
22. Kh2 Rc7 23. Nd2 e5 24. d5 Bb5 25. Nf3 Bf6 26. Kh1 Na4 27. Rb1 Nc5 28. fxe5
Bxe5 29. Ned4 Ba6 30. Nxe5 dxe5 31. Nf5 b6 32. g4 Nd3 33. h4 Nf4 34. h5 f6 35.
Rf2 Bc8 36. d6 Rcd7 37. Ne7+ Rxe7 38. dxe7 Qxe7 39. Bf3 Nd3 40. Rd2 Ba6 41.
Rbd1 Qd7 42. Be2 Qb5 43. b3 1-0

[Event "NCL978b Kings Head-Bristol2"]
[Site "Rd8"]
[Date "1998.03.22"]
[Round "8.1"]
[White "Berry, Steve"]
[Black "Cooper, Andrew C"]
[Result "1-0"]
[WhiteElo "2290"]
[BlackElo "2056"]
[PlyCount "79"]
[EventDate "1998.03.22"]

1. e4 c5 2. Nf3 d6 3. c3 g6 4. d4 Nd7 5. Bc4 Bg7 6. O-O Nb6 7. Bb3 cxd4 8. cxd4
Nf6 9. Nc3 O-O 10. h3 Bd7 11. Qe2 Bc6 12. Rd1 d5 13. e5 Ne8 14. h4 Nc7 15. h5
Qd7 16. hxg6 fxg6 17. Ng5 Ne6 18. Nxe6 Qxe6 19. Ne4 Qf5 20. Ng3 Qe6 21. a4 Nc4
22. Bc2 Rf7 23. b3 Nb6 24. Be3 Raf8 25. Rac1 a6 26. Bd3 Ra8 27. Rf1 Nd7 28. f4
Raf8 29. f5 gxf5 30. Nh5 Bh6 31. Bxh6 Qxh6 32. e6 Rf6 33. Nxf6+ Nxf6 34. Bxf5
Qh4 35. Qe5 Qh6 36. Rc3 Qd2 37. Rg3+ Kh8 38. Bxh7 Kxh7 39. Qf5+ Kh8 40. Qh3+
1-0

[Event "NCL978b Kings Head-Bristol2"]
[Site "Rd8"]
[Date "1998.03.22"]
[Round "8.2"]
[White "Easton, Alex"]
[Black "Thomas, Richard"]
[Result "1-0"]
[WhiteElo "2096"]
[BlackElo "2310"]
[PlyCount "71"]
[EventDate "1998.03.22"]

1. Nf3 d5 2. c4 e6 3. d4 Nf6 4. Bg5 Be7 5. Nc3 O-O 6. e3 Nbd7 7. Rc1 c6 8. Bd3
dxc4 9. Bxc4 Nd5 10. Bxe7 Qxe7 11. O-O Nxc3 12. Rxc3 e5 13. dxe5 Nxe5 14. Nxe5
Qxe5 15. f4 Qe7 16. f5 b5 17. Bb3 b4 18. f6 gxf6 19. Rxc6 Bb7 20. Rcxf6 Qxe3+
21. Kh1 Kh8 22. Qe1 Qg5 23. Qg3 Qxg3 {(Draw offer)} 24. hxg3 Rad8 25. Rxf7 Rxf7
26. Rxf7 Be4 27. Kg1 Rd2 28. Rf2 Rxf2 29. Kxf2 Kg7 30. Ke3 Bxg2 31. Kd4 Kf6 32.
Kc5 Kg5 33. Bd1 Bh3 34. Kxb4 Bg4 35. Ba4 Be6 36. Bd1 1-0

[Event "NCL978b Kings Head-Bristol2"]
[Site "Rd8"]
[Date "1998.03.22"]
[Round "8.3"]
[White "McMichael, Rick"]
[Black "Buckley, Simon"]
[Result "1-0"]
[WhiteElo "2200"]
[BlackElo "2105"]
[PlyCount "145"]
[EventDate "1998.03.22"]

1. b3 Nf6 2. Bb2 g6 3. e3 Bg7 4. c4 O-O 5. Nf3 d6 6. Be2 Nbd7 7. Nc3 e5 8. d4
Re8 9. Qc2 Qe7 10. O-O-O c6 11. h3 Rb8 12. g4 h6 13. Rdg1 Nf8 14. Ba3 e4 15.
Nd2 a6 16. h4 g5 17. hxg5 hxg5 18. Rh3 b5 19. Bb2 Bd7 20. Ncxe4 Nxe4 21. Nxe4
Qxe4 22. Bd3 Qe7 23. Rgh1 d5 24. f4 bxc4 25. Qh2 Ng6 26. Bc2 gxf4 27. exf4 Qe2
28. Bxg6 fxg6 29. Rh8+ Kf7 30. Qxe2 Rxe2 31. Rxb8 Bxg4 32. Rb7+ Kg8 33. bxc4
dxc4 34. Bc3 c5 35. Rxg7+ Kxg7 36. dxc5+ Kf7 37. c6 Re8 38. Be5 Rc8 39. c7 Ke6
40. Kd2 Kd5 41. Kc3 Bf5 42. Rh2 Kc5 43. Rb2 a5 44. Rb7 Kc6 45. Rb8 Kc5 46. Bd4+
Kc6 47. Bb6 Kb5 {(Draw offer)} 48. a3 a4 49. Bd4+ Kc6 50. Be5 Kd5 51. Rb5+ Ke6
52. Kxc4 Bc2 53. Kd4 Ke7 54. Rb4 Kd7 55. Kc5 Re8 56. Rb8 Rc8 57. Kd4 Bd1 58.
Ke3 Bc2 59. Kf3 Bd1+ 60. Kg3 Bc2 61. Kh4 Bf5 62. Kg5 Bc2 63. Rb6 Rf8 64. Rd6+
Kc8 65. Rc6 Bd3 66. Rc5 Rf5+ 67. Kh6 Rf8 68. Ra5 Be4 69. Rxa4 Bc6 70. Rb4 Bb7
71. Kxg6 Rg8+ 72. Kf6 Rf8+ 73. Ke7 1-0

[Event "NCL978b Kings Head-Bristol2"]
[Site "Rd8"]
[Date "1998.03.22"]
[Round "8.4"]
[White "Buckley, David"]
[Black "Pearce, Robin"]
[Result "1/2-1/2"]
[WhiteElo "2115"]
[BlackElo "2072"]
[PlyCount "33"]
[EventDate "1998.03.22"]

1. g3 c5 2. Bg2 Nc6 3. c4 g6 4. Nc3 Bg7 5. e3 e6 6. Nge2 Nge7 7. O-O O-O {
(Draw offer)} 8. d4 cxd4 9. exd4 d5 10. cxd5 exd5 11. Be3 Be6 12. Nf4 Qd7 13.
Re1 Na5 14. b3 Rac8 15. Qd2 Nac6 16. Rac1 Rfe8 17. Na4 1/2-1/2

[Event "NCL978b Kings Head-Bristol2"]
[Site "Rd8"]
[Date "1998.03.22"]
[Round "8.5"]
[White "Okike, David"]
[Black "Dilleigh, Steven"]
[Result "1/2-1/2"]
[WhiteElo "2150"]
[BlackElo "2000"]
[PlyCount "118"]
[EventDate "1998.03.22"]

1. e4 c5 2. Nf3 d6 3. d4 cxd4 4. Nxd4 Nf6 5. Nc3 Nc6 6. Be2 e6 7. Be3 Be7 8.
Qd2 O-O 9. O-O-O Nxd4 10. Bxd4 Qa5 11. Kb1 Rd8 12. f3 b6 13. Nb5 Qxd2 14. Rxd2
Ne8 15. Be3 Bb7 16. c4 Ba6 17. Nc3 Rac8 18. b3 Bf6 19. Rc1 h6 20. g3 Kf8 21. f4
Ke7 {(Draw offer)} 22. Nd1 Nc7 23. Nf2 Bb7 24. Bf3 Ke8 25. Rcd1 Be7 26. Bd4 Bf8
27. a4 Na6 28. Kb2 Nc5 29. Re2 f5 30. Bh5+ Kd7 31. exf5 exf5 32. Re3 Ne4 33.
Nxe4 Bxe4 34. Bf7 Rc7 35. g4 Kc6 36. Be6 g6 37. Bf6 Bg7 38. Bd5+ Bxd5 39. cxd5+
Kb7 40. Bxg7 Rxg7 41. Rg1 fxg4 42. Rxg4 g5 43. h4 Rf8 44. hxg5 hxg5 45. fxg5
Rf5 46. g6 Rxd5 47. b4 Rf5 48. b5 Rf6 49. Reg3 a6 50. Kb3 axb5 51. axb5 Re6 52.
Kc4 Kc7 53. Rg5 Kd7 54. Kd5 Rf6 55. Ra3 Rgxg6 56. Ra7+ Kc8 57. Rxg6 Rxg6 58.
Kc6 d5+ 59. Kxd5 Rg5+ 1/2-1/2

[Event "NCL978b Kings Head-Bristol2"]
[Site "Rd8"]
[Date "1998.03.22"]
[Round "8.6"]
[White "Humphreys, Jerry"]
[Black "Mackenzie, Colin"]
[Result "1/2-1/2"]
[WhiteElo "2065"]
[BlackElo "2056"]
[PlyCount "68"]
[EventDate "1998.03.22"]

1. e4 e6 2. d4 d5 3. Nd2 c5 4. exd5 exd5 5. Ngf3 Nc6 6. Be2 cxd4 7. Nb3 Bd6 8.
Nbxd4 Nge7 9. O-O O-O 10. Bg5 a6 11. c3 Bg4 12. Nxc6 bxc6 13. Nd4 Bd7 14. Qc2
Qc7 15. h3 h6 16. Bxe7 Bxe7 17. Nf5 Bf6 18. Rae1 Qf4 19. Bd3 g6 20. g3 Qg5 21.
h4 Qh5 22. Ne3 d4 23. Be2 Qa5 24. Bg4 Bxg4 25. Nxg4 Bg7 26. Qd2 dxc3 27. bxc3
h5 28. Ne3 Rfe8 29. Nd1 Red8 30. Qc2 Rd7 31. Re2 Rad8 32. Rfe1 Kf8 33. Re4 Qf5
34. Qe2 Kg8 1/2-1/2

[Event "NCL978b Kings Head-Bristol2"]
[Site "Rd8"]
[Date "1998.03.22"]
[Round "8.7"]
[White "Compton, Alastair"]
[Black "Richards, John"]
[Result "1-0"]
[WhiteElo "1828"]
[BlackElo "2045"]
[PlyCount "77"]
[EventDate "1998.03.22"]

1. e4 c6 2. d4 d5 3. e5 Bf5 4. Nc3 e6 5. g4 Bg6 6. Nge2 c5 7. h4 h6 8. Be3 Qb6
9. Qd2 Nc6 10. f4 Bh7 11. Na4 Qb4 12. Nxc5 Qxb2 13. Qc1 Qxc1+ 14. Rxc1 Bxc5 15.
dxc5 Nb4 16. Nd4 Ne7 17. Bb5+ Nbc6 18. Rb1 O-O 19. Kd2 Be4 20. Rhg1 Rab8 21. h5
a6 22. Nxc6 Nxc6 23. Bxc6 bxc6 24. Rb6 d4 25. Bxd4 Rfd8 26. Ke3 Bxc2 27. Rg2
Ba4 28. Rgb2 Rxb6 29. cxb6 c5 30. Bxc5 Bc6 31. Bd6 Rd7 32. Rc2 Bb7 33. Kd4 f6
34. Rc7 Rxc7 35. bxc7 Kf7 36. Kc5 g5 37. exf6 Kxf6 38. Be5+ Ke7 39. fxg5 1-0

[Event "NCL978b Kings Head-Bristol2"]
[Site "Rd8"]
[Date "1998.03.22"]
[Round "8.8"]
[White "Tidman, Sophie"]
[Black "Suzuki, Layla"]
[Result "1-0"]
[WhiteElo "1576"]
[BlackElo "1120"]
[PlyCount "47"]
[EventDate "1998.03.22"]

1. e4 e6 2. d4 d5 3. e5 c5 4. c3 Nc6 5. Nf3 Be7 6. a3 f6 7. b4 cxb4 8. axb4 Qc7
9. Bf4 Qb6 10. b5 Na5 11. Nbd2 Bd7 12. Qa4 Bd8 13. c4 dxc4 14. Bxc4 Rc8 15. O-O
a6 16. Rab1 Be7 17. exf6 Nxf6 18. Ne5 Bxb5 19. Bxb5+ axb5 20. Rxb5 Qd8 21. Rd5+
Nd7 22. Rxd7 Qb6 23. Rd8+ Kxd8 24. Nf7# 1-0

[Event "NCL978b Coulsdon-Barbican2"]
[Site "Rd8"]
[Date "1998.03.22"]
[Round "8.3"]
[White "Gunter, David"]
[Black "Kenworthy, Gary"]
[Result "1/2-1/2"]
[WhiteElo "2185"]
[BlackElo "2265"]
[PlyCount "52"]
[EventDate "1998.03.22"]

1. d4 g6 2. c4 Bg7 3. Nc3 d6 4. e4 Nc6 5. Be3 e5 6. d5 Nce7 7. Qd2 f5 8. f3 Nf6
9. Bd3 O-O 10. O-O-O fxe4 11. Bxe4 Nf5 12. Bxf5 gxf5 13. Bh6 Qe7 14. Nh3 Kh8
15. Bxg7+ Qxg7 16. g3 Bd7 17. Nf2 a6 18. f4 exf4 19. Qxf4 c5 20. dxc6 Bxc6 21.
Rhe1 Rad8 22. Rd2 d5 23. Nfd1 Rd7 24. Ne3 dxc4 25. Qxc4 Rxd2 26. Kxd2 Ne8
1/2-1/2

[Event "NCL978b Coulsdon-Barbican2"]
[Site "Rd8"]
[Date "1998.03.22"]
[Round "8.4"]
[White "Lewis, Andrew"]
[Black "De Coverly, Roger"]
[Result "0-1"]
[WhiteElo "2290"]
[BlackElo "2090"]
[PlyCount "76"]
[EventDate "1998.03.22"]

1. c4 Nf6 2. Nc3 g6 3. e4 d6 4. d4 Bg7 5. f3 O-O 6. Bg5 c5 7. d5 e6 8. Qd2 exd5
9. cxd5 a6 10. a4 h6 11. Be3 h5 12. Nge2 Nbd7 13. Bh6 Ne5 14. Bxg7 Kxg7 15. Nd1
Bd7 16. Nec3 Nh7 17. Be2 Qh4+ 18. Nf2 b5 19. O-O b4 20. Ncd1 f5 21. f4 Nf7 22.
exf5 Bxf5 23. Ne3 Nh6 24. g3 Qf6 25. a5 Rfe8 26. Rfe1 Re7 27. Bf1 Bd7 28. Bd3
Bb5 29. Nc4 Rae8 30. b3 Ng4 31. Rxe7+ Rxe7 32. Re1 Rxe1+ 33. Qxe1 Nxf2 34. Qxf2
Qc3 35. Qb2 Nf6 36. Qxc3 bxc3 37. Bc2 Bxc4 38. bxc4 Ng4 {time} 0-1

[Event "NCL978b Coulsdon-Barbican2"]
[Site "Rd8"]
[Date "1998.03.22"]
[Round "8.5"]
[White "Wooldridge, Leon"]
[Black "Twyble, Michael"]
[Result "0-1"]
[WhiteElo "2008"]
[BlackElo "2205"]
[PlyCount "88"]
[EventDate "1998.03.22"]

1. d4 e6 2. e4 d5 3. Nd2 Nf6 4. e5 Nfd7 5. f4 c5 6. c3 Nc6 7. Ndf3 Qb6 8. h4 f6
9. Bd3 cxd4 10. cxd4 Bb4+ 11. Kf1 fxe5 12. fxe5 O-O 13. a3 Qxd4 14. axb4 Ndxe5
15. Be2 Qxd1+ 16. Bxd1 Nxb4 17. Be3 b6 18. Bd4 Nec6 19. Bc3 e5 20. Bb3 a5 21.
Ke2 Ba6+ 22. Kd2 Kh8 23. Bxb4 Nxb4 24. Nh3 Rae8 25. Rad1 e4 26. Nd4 e3+ 27. Ke1
Nd3+ 28. Rxd3 Bxd3 29. Bxd5 Rc8 30. Bb3 Rc1+ 31. Bd1 Re8 32. Nf4 Re4 33. Nfe2
Rb1 34. b3 h6 35. Rf1 Kh7 36. Rf4 Rxf4 37. Nxf4 Ba6 38. Nd5 Bb7 39. Nxe3 Be4
40. Kd2 Rb2+ 41. Bc2 Bxc2 42. Nexc2 Rb1 43. Kd3 Rh1 44. Nf3 Kg6 {
etc (77 moves) - illegible} 0-1

[Event "NCL978b Coulsdon-Barbican2"]
[Site "Rd8"]
[Date "1998.03.22"]
[Round "8.6"]
[White "Sands, David"]
[Black "Turvey, Syringa"]
[Result "1-0"]
[WhiteElo "2255"]
[BlackElo "1552"]
[PlyCount "66"]
[EventDate "1998.03.22"]

1. d4 Nf6 2. c4 c5 3. d5 b5 4. cxb5 a6 5. f3 axb5 6. e4 Qa5+ 7. Bd2 b4 8. Na3
d6 9. Nc4 Qc7 10. a3 Qb7 11. axb4 Rxa1 12. Qxa1 cxb4 13. Qa4+ Bd7 14. Qxb4 Qxb4
15. Bxb4 Ba4 16. Nb6 Bb3 17. Bb5+ Nfd7 18. Ne2 e6 19. Nd4 Ba2 20. O-O g6 21.
Nxd7 Nxd7 22. Ra1 Bg7 23. Nc6 O-O 24. Rxa2 Nb8 25. Bxd6 Nxc6 26. dxc6 Rd8 27.
c7 Bd4+ 28. Kf1 Rxd6 29. c8=Q+ Kg7 30. Qc7 Be5 31. Qxd6 Bxd6 32. g3 h5 33. Bd3
f5 1-0

[Event "NCL978b Simpsons-Invicta2"]
[Site "Rd8"]
[Date "1998.03.22"]
[Round "8.1"]
[White "Norwood, David"]
[Black "Vigus, James"]
[Result "1-0"]
[WhiteElo "2515"]
[BlackElo "2260"]
[PlyCount "53"]
[EventDate "1998.03.22"]

1. g3 d5 2. Nf3 Nc6 3. c4 d4 4. Bg2 e5 5. O-O Nf6 6. d3 a5 7. e3 Be7 8. exd4
exd4 9. Na3 O-O 10. Nb5 Bf5 11. Bf4 Ne8 12. Re1 g5 13. Rxe7 Qxe7 14. Bxg5 Qd7
15. Qd2 f6 16. Bh6 Ng7 17. Qf4 Bxd3 18. Nxc7 Rac8 19. Nd5 Qf5 20. Qd2 Bxc4 21.
Nxd4 Qe5 22. Nxc6 bxc6 23. Nb6 Be6 24. Nxc8 Rxc8 25. Re1 Qf5 26. h3 Bxa2 27.
Bxg7 1-0

[Event "NCL978b Simpsons-Invicta2"]
[Site "Rd8"]
[Date "1998.03.22"]
[Round "8.2"]
[White "Gurr, Lyndon"]
[Black "Hennigan, Michael"]
[Result "0-1"]
[WhiteElo "2208"]
[BlackElo "2415"]
[PlyCount "54"]
[EventDate "1998.03.22"]

1. d4 Nf6 2. c4 g6 3. Nc3 Bg7 4. e4 d6 5. f3 O-O 6. Be3 Nc6 7. Nge2 a6 8. Qd2
Rb8 9. h4 b5 10. O-O-O e5 11. g4 Bxg4 12. fxg4 Nxg4 13. Nd5 Nxe3 14. Qxe3 exd4
15. Nxd4 Nxd4 16. Rxd4 c6 17. Rd2 cxd5 18. cxd5 h5 19. Kb1 a5 20. Bd3 Qe7 21.
Rc2 a4 22. Qc1 a3 23. bxa3 b4 24. a4 b3 25. Rc7 Qe5 26. axb3 Rxb3+ 27. Kc2 Rc3+
0-1

[Event "NCL978b Simpsons-Invicta2"]
[Site "Rd8"]
[Date "1998.03.22"]
[Round "8.3"]
[White "Tozer, Richard"]
[Black "Alfred, Nathan"]
[Result "1/2-1/2"]
[WhiteElo "2305"]
[BlackElo "2225"]
[PlyCount "80"]
[EventDate "1998.03.22"]

1. d4 Nf6 2. c4 g6 3. Nc3 Bg7 4. e4 d6 5. Be2 O-O 6. Bg5 c5 7. d5 e6 8. Qd2
exd5 9. exd5 Re8 10. Nf3 a6 11. a4 Nbd7 12. O-O Qc7 13. Bd3 b6 14. h3 Ne5 15.
Nxe5 dxe5 16. Rae1 Bd7 17. Re2 Nh5 18. Bc2 f6 19. Bh6 Bxh6 20. Qxh6 f5 21. Rd1
Qd6 22. Re3 Rab8 23. Rde1 e4 24. g3 Qf8 25. Qxf8+ Kxf8 26. Kg2 Red8 27. f3
exf3+ 28. Rxf3 Re8 29. Rxe8+ Kxe8 30. Re3+ Kf7 31. Kf3 Nf6 {(Draw offer)} 32.
Bd3 Re8 33. Rxe8 Nxe8 34. h4 Nd6 35. b3 h6 36. Ke3 Kf6 37. Ne2 g5 38. hxg5+
hxg5 39. Ng1 a5 40. Nf3 Bc8 1/2-1/2

[Event "NCL978b Simpsons-Invicta2"]
[Site "Rd8"]
[Date "1998.03.22"]
[Round "8.4"]
[White "Taylor, Peter P"]
[Black "Mortazavi, Ali"]
[Result "0-1"]
[WhiteElo "2180"]
[BlackElo "2385"]
[PlyCount "28"]
[EventDate "1998.03.22"]

1. e4 c5 2. Nf3 e6 3. d4 cxd4 4. Nxd4 a6 5. Bd3 Qc7 6. O-O Nf6 7. c4 Nc6 8.
Nxc6 dxc6 9. f4 Bc5+ 10. Kh1 e5 11. f5 h5 12. Nc3 Ng4 13. Qe2 Qd8 14. Bc2 Nxh2
0-1

[Event "NCL978b Simpsons-Invicta2"]
[Site "Rd8"]
[Date "1998.03.22"]
[Round "8.5"]
[White "Wade, Robert"]
[Black "Howell, Chris"]
[Result "1-0"]
[WhiteElo "2220"]
[BlackElo "2170"]
[PlyCount "115"]
[EventDate "1998.03.22"]

1. d4 Nf6 2. Nc3 g6 3. e4 d6 4. f4 Bg7 5. Nf3 O-O 6. e5 Nfd7 7. Bc4 Nb6 8. Bb3
c5 9. dxc5 dxc5 10. Qxd8 Rxd8 11. Be3 Na6 12. Ne4 Bf5 13. Nxc5 Nxc5 14. Bxc5
Rac8 15. Bxb6 axb6 16. Rd1 Bh6 17. Rxd8+ Rxd8 18. g3 Be4 19. Rf1 e6 20. Ke2 Bf8
21. Ke3 Bxf3 22. Kxf3 Rd2 23. Rf2 Rxf2+ 24. Kxf2 Bc5+ 25. Ke2 Kf8 26. c3 Ke7
27. Bc2 Kd8 28. Be4 Kc7 29. a4 Bf8 30. h4 h6 31. Bf3 Be7 32. h5 g5 33. Be4 f5
34. exf6 Bxf6 35. f5 exf5 36. Bxf5 b5 37. axb5 Kb6 38. g4 Kxb5 39. Kd3 Kc5 40.
Ke4 b5 41. Be6 b4 42. cxb4+ Kd6 43. Bd5 Bxb2 44. b5 Bc1 45. b6 Bf4 46. b7 Kc5
47. Be6 Kb6 48. Bc8 Kc7 49. Kf5 Kd8 50. Be6 Ke7 51. Bd5 Bb8 52. Kg6 Kd6 53. Bf3
Ke5 54. Kxh6 Kf6 55. Bd5 Bd6 56. Kh7 Ke5 57. Bf3 Kf4 58. Bd1 1-0

[Event "NCL978b Simpsons-Invicta2"]
[Site "Rd8"]
[Date "1998.03.22"]
[Round "8.6"]
[White "Donovan, Nigel"]
[Black "Black, Richard"]
[Result "1/2-1/2"]
[WhiteElo "2135"]
[BlackElo "2225"]
[PlyCount "55"]
[EventDate "1998.03.22"]

1. e4 g6 2. d4 Bg7 3. Nc3 c6 4. f4 Qb6 5. Nf3 d5 6. exd5 Bg4 7. h3 Bxf3 8. Qxf3
Nf6 9. Bc4 O-O 10. Bb3 cxd5 11. Nxd5 Nxd5 12. Bxd5 Nc6 13. c3 Rad8 14. Bxc6
bxc6 15. O-O c5 16. dxc5 Qxc5+ 17. Be3 Qb5 18. Qf2 a5 19. Rfd1 a4 20. a3 Qb3
21. Qe2 e6 22. Bc5 Rfe8 23. Rd2 Rxd2 24. Qxd2 Bf6 25. Re1 Rd8 26. Qe2 h5 27.
Be3 Rd5 28. Qf2 1/2-1/2

[Event "NCL978b Simpsons-Invicta2"]
[Site "Rd8"]
[Date "1998.03.22"]
[Round "8.7"]
[White "Hennigan, Rita"]
[Black "Richards, Heather"]
[Result "1-0"]
[WhiteElo "2225"]
[BlackElo "1880"]
[PlyCount "93"]
[EventDate "1998.03.22"]

1. e4 e6 2. d4 d5 3. Nc3 Nf6 4. Bg5 Bb4 5. e5 h6 6. Bd2 Bxc3 7. bxc3 Ne4 8. Qg4
g6 9. Bd3 Nxd2 10. Kxd2 c5 11. Nf3 Nc6 12. Rhb1 c4 13. Be2 Qe7 14. a4 Na5 15.
h4 Bd7 16. Qf4 O-O-O 17. Nh2 g5 18. hxg5 hxg5 19. Qg3 f5 20. exf6 Qxf6 21. Ng4
Qe7 22. Ne5 Rhg8 23. Bg4 Qf6 24. Re1 Rde8 25. Re3 Qf4 26. Rh1 Re7 27. Rh6 Qxg3
28. Rxg3 Rf8 29. Ke2 Rg8 30. Nxd7 Kxd7 31. Re3 Rge8 32. Re5 Nc6 33. Rxd5+ Kc7
34. Rxg5 b6 35. Rgg6 Nd8 36. f4 Kb7 37. Bf3+ Ka6 38. Rh5 Rf8 39. Ke3 Rf5 40. g4
Rxh5 41. gxh5 Ka5 42. h6 Kxa4 43. Rg7 Nf7 44. h7 a5 45. Rxf7 Rxf7 46. h8=Q Ka3
47. Qb8 1-0

[Event "NCL978b Simpsons-Invicta2"]
[Site "Rd8"]
[Date "1998.03.22"]
[Round "8.8"]
[White "Stille, Alex"]
[Black "Chan, Nevil"]
[Result "1/2-1/2"]
[WhiteElo "1840"]
[BlackElo "2016"]
[PlyCount "87"]
[EventDate "1998.03.22"]

1. e4 Nc6 2. Nf3 d6 3. d4 Nf6 4. Nc3 Bg4 5. Be2 e6 6. Be3 Be7 7. h3 Bh5 8. Ng1
Bxe2 9. Ngxe2 d5 10. e5 Nd7 11. O-O Na5 12. b3 c5 13. dxc5 Nxe5 14. f4 Nd7 15.
f5 Nf6 16. fxe6 fxe6 17. Nf4 Qd7 18. Re1 Nc6 19. Bd4 Nd8 20. Qe2 Kf7 21. Nd3
Nc6 22. Ne5+ Nxe5 23. Qxe5 Rac8 24. b4 Bd8 25. Rf1 Rf8 26. Rae1 Re8 27. Rf3 Kg8
28. Rfe3 Bc7 29. Qg5 h6 30. Qg6 Qf7 31. Qxf7+ Kxf7 32. Nb5 a6 33. Nxc7 Rxc7 34.
a4 Ne4 35. c4 g5 36. cxd5 exd5 37. Rd1 Ke6 38. Red3 a5 39. Bc3 axb4 40. Bxb4
Nxc5 41. Rxd5 Ne4 42. Rb5 h5 43. Ba5 Rc4 44. Rxb7 1/2-1/2

[Event "NCL978b Guildford2-Kings Head"]
[Site "Rd9"]
[Date "1998.05.23"]
[Round "9.1"]
[White "James, Russell"]
[Black "Berry, Steve"]
[Result "1/2-1/2"]
[WhiteElo "2110"]
[BlackElo "2290"]
[PlyCount "88"]
[EventDate "1998.05.23"]

1. d4 Nf6 2. Nf3 d6 3. Bg5 Nbd7 4. Nbd2 h6 5. Bxf6 Nxf6 6. e4 Bg4 7. Be2 e6 8.
c3 Be7 9. O-O O-O 10. Re1 c5 11. Qb3 Qc7 12. Bf1 Rac8 13. h3 Bh5 14. Rad1 a6
15. a4 Rfd8 16. d5 exd5 17. exd5 Re8 18. c4 Nd7 19. g4 Bg6 20. Bd3 Bxd3 21.
Qxd3 Bf6 22. b3 Nf8 23. Qf5 Ng6 24. Ne4 Be5 25. h4 Rb8 26. Ng3 Bc3 27. Rxe8+
Rxe8 28. h5 Ne5 29. Nxe5 Bxe5 30. Ne4 Qe7 31. Kg2 Rd8 32. Re1 Qd7 33. Qxd7 Rxd7
34. Nxc5 Rc7 35. Nd3 Bf6 36. Re8+ Kh7 37. f4 b5 38. axb5 axb5 39. Re4 bxc4 40.
bxc4 Bc3 41. Kf3 g6 42. Nf2 gxh5 43. gxh5 Kg7 44. f5 Kf6 1/2-1/2

[Event "NCL978b Guildford2-Kings Head"]
[Site "Rd9"]
[Date "1998.05.23"]
[Round "9.2"]
[White "Thomas, Richard"]
[Black "Punnett, Alan"]
[Result "0-1"]
[WhiteElo "2310"]
[BlackElo "2100"]
[PlyCount "66"]
[EventDate "1998.05.23"]

1. c4 e6 2. g3 d5 3. d4 Nf6 4. Bg2 Bb4+ 5. Bd2 a5 6. Nf3 O-O 7. O-O Nbd7 8. Qc2
Bxd2 9. Nbxd2 b6 10. Rfe1 Bb7 11. c5 bxc5 12. dxc5 Ba6 13. c6 Nb6 14. Ne5 Qd6
15. f4 Rfd8 16. Rac1 Rab8 17. a4 Qb4 18. b3 d4 19. Nd3 Bxd3 20. Qxd3 h6 21. Rc4
Nxc4 22. bxc4 Qxa4 23. Nf3 Qb3 24. Qxb3 Rxb3 25. Ra1 d3 26. exd3 Rdxd3 27. Ne5
Rd2 28. g4 a4 29. Rxa4 Rb1+ 30. Bf1 Rdd1 31. Ra8+ Kh7 32. h3 Rxf1+ 33. Kg2 Ne4
0-1

[Event "NCL978b Guildford2-Kings Head"]
[Site "Rd9"]
[Date "1998.05.23"]
[Round "9.3"]
[White "Shepley, Julien"]
[Black "McMichael, Rick"]
[Result "0-1"]
[WhiteElo "2180"]
[BlackElo "2200"]
[PlyCount "82"]
[EventDate "1998.05.23"]

1. Nc3 e6 2. Nf3 d5 3. e4 Nf6 4. e5 Nfd7 5. d4 c5 6. dxc5 Nc6 7. Bf4 Bxc5 8.
Bd3 Be7 9. Qd2 a6 10. O-O-O Qa5 11. Kb1 Bb4 12. a3 Bxc3 13. Qxc3 Qxc3 14. bxc3
Nb6 15. Ka2 Na4 16. Bd2 b5 17. Rhe1 Bd7 18. Nd4 Rc8 19. Nxc6 Rxc6 20. Kb3 O-O
21. Re3 Rfc8 22. Rh3 g6 23. Bf1 d4 24. Be1 dxc3 25. Ka2 R6c7 26. Rd4 Bc6 27.
Rdh4 Bd5+ 28. Kb1 f5 29. exf6 Rf8 30. Rd4 Rxf6 31. Rdd3 Rf4 32. Rhe3 b4 33. g3
Rfc4 34. Rxd5 exd5 35. Bxc4 Rxc4 36. axb4 Rxb4+ 37. Kc1 d4 38. Re8+ Kg7 39. f4
Nc5 40. Rd8 Ra4 41. Kb1 Ne4 0-1

[Event "NCL978b Guildford2-Kings Head"]
[Site "Rd9"]
[Date "1998.05.23"]
[Round "9.4"]
[White "O'Shaughnessy, Conor"]
[Black "Singleton, Michael"]
[Result "1-0"]
[WhiteElo "2210"]
[BlackElo "2080"]
[PlyCount "71"]
[EventDate "1998.05.23"]

1. b3 e5 2. Bb2 Nc6 3. c4 d6 4. e3 Bf5 5. Nf3 Be7 6. d3 Nf6 7. Nc3 Qd7 8. Be2
O-O-O 9. a3 d5 10. cxd5 Nxd5 11. Nxd5 Qxd5 12. e4 Bxe4 13. dxe4 Qa5+ 14. Nd2
Bg5 15. Bc1 Rd6 16. Bc4 f5 17. Bd5 Qc3 18. Ra2 Nd4 19. O-O Qxc1 20. Nc4 Qc3 21.
Nxd6+ cxd6 22. Qh5 h6 23. h4 Bf4 24. Qg6 h5 25. Qxd6 Rh6 26. Qf8+ Kc7 27. Qe7+
Kc8 28. exf5 Qd3 29. Be6+ Nxe6 30. fxe6 Rg6 31. Qc5+ Kb8 32. e7 Qd7 33. g3 e4
34. Rc2 Rc6 35. Qxh5 Rxc2 36. e8=Q+ 1-0

[Event "NCL978b Guildford2-Kings Head"]
[Site "Rd9"]
[Date "1998.05.23"]
[Round "9.5"]
[White "Tuddenham, David"]
[Black "Gilfillan, Andrew"]
[Result "1/2-1/2"]
[WhiteElo "1832"]
[BlackElo "2096"]
[PlyCount "95"]
[EventDate "1998.05.23"]

1. e4 d5 2. exd5 Nf6 3. c4 e6 4. Nf3 exd5 5. d4 Bb4+ 6. Bd2 Qe7+ 7. Be2 Nc6 8.
O-O O-O 9. Nc3 Be6 10. Re1 Rad8 11. a3 Bxc3 12. Bxc3 Ne4 13. Qb3 Nxc3 14. Qxc3
dxc4 15. Bxc4 Qf6 16. Bxe6 fxe6 17. Rad1 Qf5 18. Qe3 Rd6 19. Ne5 Rfd8 20. Nxc6
Rxc6 21. Rc1 {(Draw offer)} Rxc1 22. Rxc1 c6 23. g3 Qf6 24. Rc4 Rd5 25. Qb3 Rb5
26. Rb4 Qf5 27. Rxb5 cxb5 28. Qc3 Qb1+ 29. Kg2 Qe4+ 30. f3 Qe2+ 31. Kh3 Qc4 32.
Qe3 Qd5 33. Qe4 Qd7 34. Qe5 a6 35. b4 h6 36. g4 Qc6 37. Qe4 Qc7 38. f4 Qc3+ 39.
Kh4 Qc6 40. Qxc6 bxc6 41. g5 Kh7 42. gxh6 (42. Kh5 $18) 42... Kxh6 43. Kg4 Kg6
44. h4 Kf7 45. f5 exf5+ 46. Kxf5 g6+ 47. Kf4 Kf6 48. Kg4 1/2-1/2

[Event "NCL978b Guildford2-Kings Head"]
[Site "Rd9"]
[Date "1998.05.23"]
[Round "9.6"]
[White "Okike, David"]
[Black "Erichsen, D."]
[Result "1-0"]
[WhiteElo "2150"]
[BlackElo "1872"]
[PlyCount "131"]
[EventDate "1998.05.23"]

1. e4 d5 2. exd5 Nf6 3. d4 Bg4 4. f3 Bf5 5. Bb5+ Nbd7 6. c4 a6 7. Bxd7+ Qxd7 8.
Ne2 e6 9. dxe6 Bxe6 10. b3 Bb4+ 11. Bd2 Bxd2+ 12. Qxd2 O-O 13. O-O b5 14. c5
Rfe8 15. Nbc3 Re7 16. Ng3 Rae8 17. Rad1 b4 18. Nce2 Nd5 19. Nf4 Nc3 20. Rde1
Rd8 21. Nfe2 Kf8 22. Kh1 Qd5 23. Nxc3 bxc3 24. Qxc3 Qxd4 25. Qa5 Qd2 26. Qa3
Bc4 {#} 27. c6 Rd6 28. Ne4 Bxf1 29. Nxd2 Rxe1 30. h3 Bxg2+ 31. Kh2 Ke8 32. Kxg2
Rxd2+ 33. Kg3 Rg1+ 34. Kf4 Rgg2 35. Qxa6 Ke7 36. Qc8 g5+ 37. Kf5 Kd6 38. Qd7+
Kc5 39. Qxc7 Rd5+ 40. Kf6 Rd6+ 41. Kxf7 Rxc6 42. Qa5+ Kd6 43. b4 Rgc2 44. a4
R2c4 45. Kf6 Rf4+ 46. Kxg5 Rxf3 47. Qd8+ Ke6 48. Qg8+ Ke5 49. Qxh7 Rg3+ 50. Kh4
Rg1 51. Qe7+ Kf5 52. Qd7+ Re6 53. Qd5+ Re5 54. Qf7+ Ke4 55. b5 Reg5 56. Qc4+
Kf5 57. b6 Rg8 58. Qd5+ Kf6 59. Qd4+ Kf7 60. b7 R1g6 61. Qf4+ Kg7 62. b8=Q Rh6+
63. Qxh6+ Kxh6 64. Qd6+ Kh7 65. a5 Kh8 66. Qf6+ 1-0